<?xml version="1.0" encoding="UTF-8"?>
<record
    xmlns:xsi="http://www.w3.org/2001/XMLSchema-instance"
    xsi:schemaLocation="http://www.loc.gov/MARC21/slim http://www.loc.gov/standards/marcxml/schema/MARC21slim.xsd"
    xmlns="http://www.loc.gov/MARC21/slim">

  <leader>00578nam a22001937a 4500</leader>
  <controlfield tag="005">20240403154119.0</controlfield>
  <datafield tag="010" ind1=" " ind2=" ">
    <subfield code="a">ENG-139520</subfield>
  </datafield>
  <datafield tag="020" ind1=" " ind2=" ">
    <subfield code="c">799.00</subfield>
    <subfield code="a">9789385503283</subfield>
  </datafield>
  <datafield tag="035" ind1=" " ind2=" ">
    <subfield code="a">EN-123052</subfield>
  </datafield>
  <datafield tag="037" ind1=" " ind2=" ">
    <subfield code="b">DBAD/PUB</subfield>
  </datafield>
  <datafield tag="082" ind1=" " ind2=" ">
    <subfield code="a">808.88</subfield>
  </datafield>
  <datafield tag="100" ind1=" " ind2=" ">
    <subfield code="a">Siddiqui Mohammad Shaheer </subfield>
    <subfield code="9">64286</subfield>
  </datafield>
  <datafield tag="245" ind1=" " ind2=" ">
    <subfield code="a">Iconic Kalam:</subfield>
    <subfield code="b">An Anthology of Thoughts &amp; Practices/</subfield>
  </datafield>
  <datafield tag="260" ind1=" " ind2=" ">
    <subfield code="a">Mohan Garden</subfield>
    <subfield code="b">New Delhi Publishers</subfield>
  </datafield>
  <datafield tag="270" ind1=" " ind2=" ">
    <subfield code="b"> NewDelhi</subfield>
    <subfield code="a">90, Sainik Vihar, </subfield>
    <subfield code="e">110059</subfield>
  </datafield>
  <datafield tag="300" ind1=" " ind2=" ">
    <subfield code="a">180p.</subfield>
    <subfield code="c">25cm(hb)</subfield>
  </datafield>
  <datafield tag="700" ind1=" " ind2=" ">
    <subfield code="a">Subhankar Ghosh</subfield>
    <subfield code="9">62686</subfield>
  </datafield>
  <datafield tag="942" ind1=" " ind2=" ">
    <subfield code="2">ddc</subfield>
    <subfield code="c">EN</subfield>
    <subfield code="h">808.88</subfield>
    <subfield code="m">SID</subfield>
  </datafield>
  <datafield tag="999" ind1=" " ind2=" ">
    <subfield code="c">201187</subfield>
    <subfield code="d">201187</subfield>
  </datafield>
  <datafield tag="952" ind1=" " ind2=" ">
    <subfield code="0">0</subfield>
    <subfield code="1">0</subfield>
    <subfield code="4">0</subfield>
    <subfield code="7">0</subfield>
    <subfield code="8">NFIC</subfield>
    <subfield code="a">BN</subfield>
    <subfield code="b">BN</subfield>
    <subfield code="d">2024-03-01</subfield>
    <subfield code="e">DBAD</subfield>
    <subfield code="g">799.00</subfield>
    <subfield code="l">0</subfield>
    <subfield code="o">808.88 SID</subfield>
    <subfield code="p">EN-123052</subfield>
    <subfield code="r">2024-03-01 00:00:00</subfield>
    <subfield code="t">1</subfield>
    <subfield code="v">799.00</subfield>
    <subfield code="w">2024-03-01</subfield>
    <subfield code="y">EN</subfield>
  </datafield>
</record>
